| 000 | 00615nam a2200181 u 4500 | ||
|---|---|---|---|
| 001 | 000036149 | ||
| 005 | 20200930074923.0 | ||
| 008 | 111220s1979 pr r 000 0 spa d | ||
| 040 |
_aDO-SdBNP _bspa _cBNPHU |
||
| 082 |
_axxxx _bxxxx |
||
| 245 | 0 | 0 |
_aPuerto Rico : _bidentidad nacional y clases sociales / _cÁngel G. Quintero Rivera...[et.al]. |
| 260 |
_aRio Piedras : _bEdiciones Huracán, _c1979. |
||
| 300 |
_a146 p. ; _c22 cm. |
||
| 500 | _aColoquio de princeton | ||
| 590 | _aPerteneció a la bibliteca personal de Juan Isidro Jimenes Grullón | ||
| 700 | 1 |
_aQuintero Rivera, Ángel G. _962186 |
|
| 049 | _aBNPD | ||
| 999 |
_c35640 _d35640 |
||